Ananás dozrieva pomaly : scénický príbeh v 3 dejstvách /

Uložené v:
Podrobná bibliografia
Hlavný autor: Lukierski, Jerzy (Author)
Médium: Kniha
Jazyk:Slovak
Polish
Vydané: Bratislava : Diliza, 1965.
Fyzický popis: 67 strán.
Tagy: Pridať tag
Žiadne tagy, Buďte prvý kto otaguje tento záznam!

MARC

LEADER 00000nam a22000002i 4500
001 000123607
005 20240620135414.0
008 040101s1965 xo e slo d
020 |c Kčs 14,00  |q (brožované) 
040 |a SVKKK  |b slo  |c SVKKK  |e rda 
041 1 |a slo  |h pol 
044 |a xo  |c SK 
100 1 |a Lukierski, Jerzy  |4 aut 
245 1 0 |a Ananás dozrieva pomaly :  |b scénický príbeh v 3 dejstvách /  |c Jerzy, Lukierski. 
264 1 |a Bratislava :  |b Diliza,  |c 1965. 
300 |a 67 strán. 
336 |a text  |b txt  |2 rdacontent 
337 |a bez média  |b n  |2 rdamedia 
338 |a zväzok  |b nc  |2 rdacarrier 
500 |a Záznam revízie 
500 |a Preložené z polštiny 
910 |a svkkk 
998 |a BK 
090 |g SCKHL  |k Sklad Pribinova 3. posch.  |a V.44320  |j 354702  |i 2720968158  |s Absenčne